Регионална библиотека "Любен Каравелов" - Русе

Идеи в културологията (Запис номер 61235)

MARC детайли
000 -Лидер
Контролно поле с фиксирана дължина 01638nam a2200337 c 4500
003 - Код на организацията, давaща контролен номер
Контролно поле BLK
005 - Дата и час на последна редакция
Контролно поле 20180422102429.0
008 - Елементи от данни с фиксирана дължина
fixed length control field 180408b bul|||||r ||||||| ||bul||
010 ## - Наследен системен номер
LC control number KNG00065431000
040 ## - Източник на каталожния запис
Идентификатор на билиотеката - собственик на записа BLK
041 ## - Код за език
Код за езика на текст/звукозапис или на отделно заглавие Български
Код за езика КДБФ Български
080 ## - УДК
Текстов определител УДК Цивилизация. Култура. Прогрес. История на културата вж 930.85
УДК код - определител по УДК 008
УДК определител .001(082.2)
УДК - код + определител 008.001(082.2)
139 ## - Редно поле
Редна дума Идеи в културологията
Авторски знак Ид - И 31
245 10 - Сведения за заглавието
Заглавие Идеи в културологията
Подзаглавни данни Антология : В 3 т.
Редно поле (дума) състав. на том Иван Софрониев Стефанов; състав. на том Димитър Гинев; встъп. статия от на том Димитър Гинев; прев. на том Светлана Жулева.
Том Т. 1
257 ## - Страна на издаване
Страна на създаване/издаване Сборници - Свят
260 ## - Област на издателските данни
-- София
Име на издателя, разпространителя и проч. Унив. изд. Св. Климент Охридски
Година на издаване 1990 -
Печатница За том: В. Търново : печ. Д. Найденов
300 ## - Физическа характеристика
Размери/Мащаб 21 см
380 ## - Жанр
Жанр Общ отдел
650 #4 - Допълнително описание по предмет – тема
Основно описание – тема или топоним Култура - теория и история
9 (RLIN) 254058
653 ## - Ключова дума – ненормативна
Ключова дума културология
700 1# - Други автори (авторска отговорност)
Лично име Стефанов, Иван Софрониев
Автороска отговорност (Описва отношението между автора и произведението) състав. на том
9 (RLIN) 368081
700 1# - Други автори (авторска отговорност)
Лично име Гинев, Димитър
Автороска отговорност (Описва отношението между автора и произведението) състав. на том
9 (RLIN) 290367
700 1# - Други автори (авторска отговорност)
Лично име Гинев, Димитър
Автороска отговорност (Описва отношението между автора и произведението) встъп. статия от на том
9 (RLIN) 370027
700 1# - Други автори (авторска отговорност)
Лично име Жулева, Светлана
Автороска отговорност (Описва отношението между автора и произведението) прев. на том
9 (RLIN) 290368
760 1# - Описание на основната серия
Място на издаване, издател и година 1990
Страници - том 663 с.
Заглавие Т. 1
852 ## - Местоположение
Форматна сигнатура Цб 164527
856 4# - Електронен адрес и достъп
Електронен формат pdf - файл
Път до файла /url/
856 4# - Електронен адрес и достъп
Електронен формат pdf - файл
Път до файла /url/
942 ## - АРТИКУЛИ
Вид на библиотечния материал Книги
Скрит в OPAC Не
944 ## - СЪЗДАВАНЕ И РЕДАКЦИЯ на ЗАПИСА
Създаване/Редакция Създаване
Дата на регистрацията/редакция 13.06.2004
Служител, извършил регистрацията/редакцията Геновева_Генчева
944 ## - СЪЗДАВАНЕ И РЕДАКЦИЯ на ЗАПИСА
Създаване/Редакция Редакция
Дата на регистрацията/редакция 25.01.2008
Служител, извършил регистрацията/редакцията
999 ## - СИСТЕМНИ КОНТРОЛНИ НОМЕРА
Koha biblionumber 61235
Koha biblioitemnumber 61235
Наличности
Код за отписване Код за изгубен артикул Източник на класификационната схема Код за повреда Коз за рестрикции Код за отдаване Артикулен № Име на библиотеката - собственик Име на библиотеката, в която се намира в момента Статус (Текущо местоположение) Дата на вписване в системата Местоположение - отдел Цена в лева Инвентарен номер Систематично азбучна сигнатура Баркод Номер на екземпляра Цена в евро Служебна бележка Служебен тип на артикула
  Не е изгубен Universal Decimal Classification Не е повреден без рестрикции ползва се в читалня 101243 Регионална библиотека "Любен Каравелов" Русе Регионална библиотека "Любен Каравелов" Русе Хранилище 1990-01-01 Хранилище 6.15 540793 Цб 164527 120000540793 1 3.14 Дост: Dp Вид: Д N: стар фонд Дата: 01.01.1990 Книги
  Не е изгубен Universal Decimal Classification Не е повреден без рестрикции ползва се в читалня 101244 Регионална библиотека "Любен Каравелов" Русе Регионална библиотека "Любен Каравелов" Русе Читалня 1990-01-01 Читалня 6.15 541134 Ч 008/ И 31 120000541134 2 3.14 Дост: Pk Вид: Ф N: стар фонд Дата: 01.01.1990 Дата инв: 21.03.2017 Бележки инв: Ч2017 Книги
Vip Innovations Ltd, Rousse, Bulgaria 2025